00538nam a22001577a 450000500170000000800410001702000150005804100130007308200150008610000130010124501440011425000190025826000450027730000320032265000260035420240429144505.0240429b |||||||| |||| 00| 0 eng d a0702153710 aEnglish  a346.4 SOU  lEnglish  aThe Compulsory Acquisition of Rights : bBy Expropriation, ways of necessity, prescription, labour tenancy and restitution / cMD Southwood aFirst Edition  aCape Town:bJuta and Company Ltd, c2000 bxxxvii,439 pages; c25 cm.  aLegal practice bLaw